000 00620nam a2200169 a 4500
001 000022474
005 20200930021629.0
008 101011s2003 dr ac r 000 0 spa d
040 _aDO-SdBNP
_bspa
_cBNPHU
082 _axxxx
_bG216p
100 1 _aGarcía, Francis Jorge
_946307
245 1 0 _aPresupuesto participativo :
_bJima Abajo, sabana Grande de Boyá y La Vega, Sección Burende /
_cFrancis Jorge García ; editor Enrique de León.
260 _aSanto Domingo :
_bBúho,
_c2003.
300 _a76 p. :
_bil. ; retrs. ;
_c22 cm.
500 _aIncluye notas al pie de páginas
700 1 _aLeón, Enrique de,
_eed.
_92049
999 _c21972
_d21972